Visualizzazione normale
Vista MARC
- Celentano Adriano
di Personal Name
Records bibliografici associati: 1
001 - CONTROL NUMBER
- control field: 32822
003 - CONTROL NUMBER IDENTIFIER
- control field: IT-RoPau
005 - DATE AND TIME OF LATEST TRANSACTION
- control field: 20140702084652.0
008 - FIXED-LENGTH DATA ELEMENTS
- fixed length control field: 140702|| aca||aabn | a|a d
040 ## - CATALOGING SOURCE
- Original cataloging agency: IT-RoPau
- Transcribing agency: IT-RoPau
100 ## - HEADING--PERSONAL NAME
- Personal name: Celentano Adriano
- Miscellaneous information: Codice autore testo/musica SPICS: 10821
- Relator term: Autore testo/musica
- Name of part/section of a work: Una rosa pericolosa - Sarai uno straccio
670 ## - SOURCE DATA FOUND
- Source citation: Work cat.: (IT-RoPau)101105: AA.VV. 794, Io non so parlar d'amore, 1999 [1a Ed.:1999 - Ed. Lingua Orig.: 1999]